| 000 | 01034nam0a22002531 4500 | ||
|---|---|---|---|
| 001 | rc\2812395 | ||
| 005 | 20250806210808.0 | ||
| 035 | _a(NLR Aleph) 006938217 | ||
| 090 |
_a36511 _c36511 |
||
| 100 | _a20110915d1944 u y0rusy50 ca | ||
| 101 | 0 | _arus | |
| 102 | _aRU | ||
| 105 | _ay z ||||| | ||
| 200 | 1 | _aПостановления VI пленума Центрального комитета Профессионального союза рабочих резино-каучуковой промышленности. 15-18-го февраля 1944 г. | |
| 210 |
_aМосква _cПрофиздат _d1944 |
||
| 215 |
_a28 с., без обл. _d14 см. |
||
| 710 | 0 | 2 |
_aСоюз рабочих резино-каучуковой промышленности СССР _bЦК _bПленум _f1944, февраль |
| 801 | 0 |
_aRU _bNLR _gpsbo |
|
| 801 | 1 |
_aRU _bELAR _2rusmarc |
|
| 852 |
_aNLR _jИр70 Г-2/332 |
||
| 942 | _cBOOK | ||
| 945 | _aРоссийская национальная библиотека | ||
| 980 | _aNB | ||
| 980 | _aBV | ||